Vista normal
Vista MARC
Entrada Materia (personas)
Número de registros utilizados en: 1
001 - CONTROL NUMBER
- control field: 63456
003 - CONTROL NUMBER IDENTIFIER
- control field: Co-BoUCM
005 - DATE AND TIME OF LATEST TRANSACTION
- control field: 20140730172348.0
008 - FIXED-LENGTH DATA ELEMENTS
- fixed length control field: 140730|| aca||aabn | a|a d
040 ## - CATALOGING SOURCE
- Original cataloging agency: Co-BoUCM
- Transcribing agency: Co-BoUCM
100 ## - HEADING--PERSONAL NAME
- Personal name: Clark, Liesl
- Relator term: director
670 ## - SOURCE DATA FOUND
- Source citation: Work cat.: (Co-BoUCM)46168: National Geographic. 63455, Everest, 2003